| 000 -LEADER |
| fixed length control field |
00416cam a22001217a 4500 |
| 008 - FIXED-LENGTH DATA ELEMENTS--GENERAL INFORMATION |
| fixed length control field |
180718b1962 xxu||||| |||| 00| 0 eng d |
| 082 ## - DEWEY DECIMAL CLASSIFICATION NUMBER |
| Classification number |
B71103x5451 An24/1959-61 |
| 245 ## - TITLE STATEMENT |
| Title |
The Andhra Pradesh panchayat samithis and zilla parishads act, 1959 (as amended upto 28th October, 1961) |
| 260 ## - PUBLICATION, DISTRIBUTION, ETC. |
| Place of publication, distribution, etc. |
Hyderabad |
| Name of publisher, distributor, etc. |
The author |
| Date of publication, distribution, etc. |
1962 |
| 300 ## - PHYSICAL DESCRIPTION |
| Extent |
56+p. |
| 500 ## - GENERAL NOTE |
| General note |
Act no. of 1959 |
| 700 ## - ADDED ENTRY--PERSONAL NAME |
| Personal name |
Andhra Pradesh. Law Department |